Polskie miasta według opisu od ChataGPT #1 - Statystyki

Ogólne statystyki
  • Ten quiz został rozwiązany 47 razy
  • Średni wynik to 12 z 20
Statystyki odpowiedzi
Opis Miasto % Poprawnych
Miejsce z legendą o smoku, malowniczym rynkiem i królewskim wzgórzem z katedrą. Kraków
98%
Stare miasto z zachowanymi murami obronnymi, znane z toruńskich pierników i astronomicznego geniusza. Toruń
98%
Portowe miasto z industrialnym charakterem, gdzie statki i stocznie tworzą panoramę nad zatoką. Gdańsk
95%
Nadmorski kurort z molo, rybackim klimatem i zapachem smażonej flądry unoszącym się w powietrzu. Sopot
95%
Miasto festiwali filmowych, nad morzem, z klimatem artystycznym i dźwiękiem mew w tle. Gdynia
93%
Miasto z pałacem górującym nad centrum, gdzie stare kamienice sąsiadują z nowoczesnymi wieżowcami. Warszawa
89%
Dawne górnicze serce regionu, gdzie pod ziemią kryją się wielkie komory soli i kaplica wyrzeźbiona w skałach. Wieliczka
89%
Urokliwe miasto nad rzeką z malowniczym mostem i słynną fontanną multimedialną. Wrocław
86%
Zielone miasto na wschodzie, pełne parków, cerkwi i spokojnego klimatu. Białystok
84%
Miasto o gotyckim zamku z czerwonej cegły, nad szeroką rzeką — dawna siedziba potężnych zakonnych mistrzów. Malbork
84%
Miasto akademickie z tradycją sięgającą średniowiecza, pełne studentów i kawiarni w zabytkowych kamienicach. Lublin
73%
Miasto z ogromnym rynkiem, odrestaurowanymi kamienicami i ratuszem, który wygląda jak z bajki. Zamość
39%
Miasto sadów, jabłek i spokojnych uliczek położone niedaleko stolicy. Grójec
34%
Miasto położone między jeziorami, idealne na żagle i spacery po promenadzie Giżycko
32%
Miasto z największym lunaparkiem w Polsce i legendarnym rollercoasterem z dzieciństwa wielu pokoleń. Chorzów
27%
Miasto w sercu Podlasia, z drewnianą architekturą i wielokulturowym dziedzictwem. Hajnówka
25%
Miejsce, w którym rzeka tworzy szerokie zakola, a bulwary tętnią życiem latem. Płock
25%
Dawna twierdza z potężnymi bastionami, gdzie historia miesza się z nowoczesnością. Kłodzko
18%
Miasto z końską tradycją regionu, dawny ośrodek handlowy z zielonymi bulwarami i zabytkowym kościołem Biała Podlaska
2%
Ciche miasto z pięknym ryneczkiem, gdzie zegar na ratuszu wybija rytm codziennego życia. Chełmno
0%
Nie znaleziono quizów pasujących do podanych kryteriów
Rozkład punktacji
Procent ludzi z każdym wynikiem
Percentyl według liczby udzielonych odpowiedzi
Twoja historia wyników
Nie rozwiązałeś tego quizu